| 000 | 01257nam a22003857a 4500 | ||
|---|---|---|---|
| 003 | CHAP | ||
| 005 | 20220329143713.0 | ||
| 008 | 110309s1987 es a r 00010 spa d | ||
| 010 | _a100608 | ||
| 011 | _a101580 | ||
| 020 | _a8425331501 | ||
| 035 | _a112268 | ||
| 040 | _cCHAP | ||
| 082 | 0 | 4 |
_a581.9093 _bB22 |
| 100 | 1 |
_aBanfi, Enrico _99953 |
|
| 245 | 1 | 0 |
_aGuía de plantas tropicales silvestres _c/por Enrico Banfi y Umberto Quatrocchi |
| 260 |
_aBarcelona, Esp. : _bGrijalbo, _c1987 |
||
| 300 |
_a256 p. : _bilus. |
||
| 490 | _aGuías de la naturaleza | ||
| 534 |
_pTit. original _tPiante Rustice Tropicali _cMilán : Arnoldo Mondadori Editore |
||
| 590 |
_aBATCH-UPD _b10 _c20130110 _lUCH01 _h1221 |
||
| 590 |
_aBATCH-UPD _b10 _c20130410 _lUCH01 _h0755 |
||
| 590 |
_aBATCH-UPD _b10 _c20130914 _lUCH01 _h0534 |
||
| 590 |
_aCONVERSION _b10 _c20130109 _lUCH01 _h1355 |
||
| 650 | 1 | 4 |
_aJardines botánicos. _961162 |
| 650 | 1 | 4 |
_aPlantas silvestres. _989083 |
| 650 | 1 | 4 |
_aPlantas tropicales. _989088 |
| 650 | 1 | 4 |
_aViveros. _9120096 |
| 700 | 1 |
_aQuatrocchi, Umberto _993137 |
|
| 830 | 0 |
_aGuías de la naturaleza _951506 |
|
| 901 | _aBK | ||
| 911 | _aen proceso | ||
| 942 | _cLIBRO | ||
| 949 |
_a581.9093 B22 _bBC _cC _d33724002232074 _eC _h114342 _i112268 _sb |
||
| 999 |
_c100608 _d100608 |
||